| 000 | 00922nam a22003017a 4500 | ||
|---|---|---|---|
| 003 | CHAP | ||
| 005 | 20220329135735.0 | ||
| 008 | 971013s r 00010 d | ||
| 010 | _a41344 | ||
| 011 | _a42316 | ||
| 035 | _a46444 | ||
| 040 | _cCHAP | ||
| 090 | _aFolleto 7536 | ||
| 100 | 0 | 0 |
_aEnríquez Reyes, Sergio A. _937054 |
| 245 | _aAnálisis de suelos y plantas por ebsorción atómica | ||
| 260 |
_a(s.l.) : _b(s.e.), _c(s.a.) |
||
| 300 | _a27 p. | ||
| 590 |
_aBATCH-UPD _b10 _c20130110 _lUCH01 _h1920 |
||
| 590 |
_aBATCH-UPD _b10 _c20130410 _lUCH01 _h1246 |
||
| 590 |
_aBATCH-UPD _b10 _c20130914 _lUCH01 _h1951 |
||
| 590 |
_aCONVERSION _b10 _c20130109 _lUCH01 _h1323 |
||
| 650 | 1 | 4 |
_aQuímica vegetal. _993602 |
| 650 | 1 | 4 |
_aSuelos _xAnálisis. _9110204 |
| 901 | _aBK | ||
| 942 | _cFOLL | ||
| 949 |
_aFolleto 7536 _bBC _cFOLL _d-105884 _eTS1 _i46444 _si |
||
| 949 |
_aFolleto 7536 _bBC _cFOLL _d-105885 _eTS2 _fc.2 _i46444 _si |
||
| 999 |
_c41344 _d41344 |
||